CA Foundation Course Mathematics (Record no. 9020)
[ view plain ]
| 000 -LEADER | |
|---|---|
| fixed length control field | 00240nam a2200109 4500 |
| 082 ## - DEWEY DECIMAL CLASSIFICATION NUMBER | |
| Classification number | 510ARO |
| 100 ## - MAIN ENTRY--AUTHOR NAME | |
| Personal name | Arora, P.N |
| 245 ## - TITLE STATEMENT | |
| Title | CA Foundation Course Mathematics |
| 260 ## - PUBLICATION, DISTRIBUTION, ETC. (IMPRINT) | |
| Place of publication | India: |
| Name of publisher | S.Chand & Co, |
| Year of publication | 1998. |
| 300 ## - PHYSICAL DESCRIPTION | |
| Number of Pages | 801p. ; |
| 942 ## - ADDED ENTRY ELEMENTS (KOHA) | |
| Koha item type | Books |
| Withdrawn status | Lost status | Home library | Current library | Date acquired | Cost, normal purchase price | Full call number | Accession Number | Koha item type |
|---|---|---|---|---|---|---|---|---|
| Seminar Library, Mathematics & Statis. | Seminar Library, Mathematics & Statis. | 25/08/2014 | 246.13 | 510ARO | 20849 | Books |